| 000 | 00000nam##2200000za#4500 |
| 001 | 9.685785 |
| 003 | CaOODSP |
| 005 | 20210624230236 |
| 007 | cr ||||||||||| |
| 008 | 150407|1998||||xxc|||||o f|0| 0 eng|d |
| 020 | |a0-662-28913-7 |
| 040 | |aCaOODSP|beng |
| 043 | |an-cn--- |
| 086 | 1 |aD82-44/1998E-IN |
| 110 | 1 |aCanada.|bEmergency Preparedness Canada. |
| 245 | 10|aPlan for tomorrow ... TODAY! : |h[electronic resource]|bthe story of Emergency Preparedness Canada, 1948-1998 / |cby David McConnell. |
| 260 | |aOttawa - Ontario : |bEmergency Preparedness Canada |c1998. |
| 300 | |a71, 73p. |
| 504 | |aBibliography. |
| 590 | |a14-10-Supp|b2014-05-08 |
| 690 | 07|aCanadian history|2gcpds |
| 690 | 07|aEmergency preparedness|2gcpds |
| 856 | 40|ahttp://publications.gc.ca|qPDF|s5.52 MB|uhttps://publications.gc.ca/collections/collection_2013/sp-ps/D82-44-1998-2-eng.pdf |
| 856 | 40|ahttp://publications.gc.ca|qPDF|s5.39 MB|uhttps://publications.gc.ca/collections/collection_2013/sp-ps/D82-44-1998-1-eng.pdf |